| 000 | 01286nam a2200337 a 4500 | ||
|---|---|---|---|
| 001 | 000110383 | ||
| 003 | CHAP | ||
| 005 | 20220329144129.0 | ||
| 008 | 140822s2014 mx a |sm |||||||spa d | ||
| 010 | _a106845 | ||
| 011 | _a107817 | ||
| 040 | _cCHAP | ||
| 090 | _aTesis | ||
| 100 | 1 |
_aCruz Marcial, Judith de la _9127865 |
|
| 245 | 1 | 0 |
_aCaracterización botánica, pruebas de germinación in vitro y actividad larvicida de "pitzocuahuitl" (Zanthoxylum clava-herculis L.) sobre Aedes aegypti L. _h[En línea] _cpor Judith de la Cruz Marcial. |
| 260 |
_aChapingo, Méx. : _bEl autor, _c2014. |
||
| 500 | _aPara ver el contenido del material haga clic en la liga | ||
| 502 | _aTesis (Ing. Agr. Esp. en Fitotecnia) -- UACH. Departamento de Fitotecnia | ||
| 590 |
_aBATCH-UPD _b05 _c20141002 _lUCH01 _h0905 |
||
| 590 |
_aE5652GLJ _b05 _c20140822 _lUCH01 _h1409 |
||
| 590 |
_aE5652GLJ _b05 _c20140822 _lUCH01 _h1410 |
||
| 590 |
_aE5652GLJ _b05 _c20140822 _lUCH01 _h1441 |
||
| 650 | 1 | 4 |
_aExtractos vegetales. _939214 |
| 650 | 1 | 4 |
_aMosquitos _xLarvas. _979033 |
| 650 | 1 | 4 |
_aSemillas _xGerminación. _9103903 |
| 650 | 1 | 4 |
_aZanthoxylum clava-herculis L. _9127871 |
| 856 |
_aFinding aid _uhttp://10.13.5.2/tesis/sist110383.pdf _zTeclea aquí |
||
| 901 | _aBK | ||
| 942 | _cTESIS | ||
| 942 | _n0 | ||
| 999 |
_c106845 _d106845 |
||